|
|
|
|
| LEADER |
00000nas a2200000 i 4500 |
| 001 |
ssj0001364944 |
| 003 |
WaSeSS |
| 005 |
20200512172242.0 |
| 006 |
m d |
| 007 |
cr n |
| 008 |
141023u20uuuuuuii ar p|s|||||| |0eng d |
| 022 |
|
|
|y 0974-200X
|
| 035 |
|
|
|a (WaSeSS)ssj0001364944
|
| 040 |
|
|
|a WaSeSS
|b eng
|c WaSeSS
|d WaSeSS
|
| 050 |
|
4 |
|a H1
|
| 245 |
0 |
0 |
|a Anusandhanika
|h [electronic resource].
|
| 260 |
|
|
|a Rānchī, India :
|b Anusandhanika
|
| 310 |
|
|
|a Annual
|
| 506 |
|
|
|a License restrictions may limit access.
|
| 588 |
|
|
|a Description based on: Volume IV, Number II (July 2012); title from article pdf (ProQuest, viewed Oct. 22, 2014).
|
| 588 |
|
|
|a Latest issue consulted: Volume IV, Number II (July 2012) (viewed Oct. 22, 2014).
|
| 650 |
|
0 |
|a Social sciences
|v Periodicals.
|
| 655 |
|
0 |
|a Electronic journals.
|
| 776 |
0 |
8 |
|i Print version:
|t Anusandhanika
|x 0974-200X
|
| 856 |
4 |
0 |
|z Full text available from Research Library: 07/01/2012 to 12/31/2013
|u https://search.proquest.com/publication/2032620
|
| 856 |
4 |
0 |
|z Full text available from Research Library: 01/01/2015 to 07/31/2015
|u https://search.proquest.com/publication/2032620
|